[Event "CZE-ch Amateur"]
[Site "Hluk"]
[Date "2023.05.10"]
[Round "7"]
[White "Vystrcil, Martin"]
[Black "Veny, Jaume"]
[Result "1-0"]
[WhiteElo "2062"]
[BlackElo "1712"]
[PlyCount "73"]
[EventDate "2023.05.06"]
[EventType "swiss"]
[EventRounds "9"]
[EventCountry "CZE"]
[SourceTitle "CBM 214 Extra"]
[Source "ChessBase"]
[SourceDate "2023.07.31"]
[SourceVersion "1"]
[SourceVersionDate "2023.07.31"]
[SourceQuality "1"]

1. e4 c6 2. d4 d5 3. Nc3 dxe4 4. Nxe4 Nf6 5. Nxf6+ exf6 6. Be3 Bd6 7. Bd3 0-0 8. Ne2 Re8 9. 0-0 Bg4 10. Qd2 Bh5 11. Nf4 Bg6 12. Nxg6 hxg6 13. c4 Nd7 14. Rfd1 Rc8 15. b4 f5 16. Bf1 Nf6 17. g3 Ne4 18. Qb2 f4 19. Bd2 fxg3 20. hxg3 f5 21. c5 Bb8 22. Bc4+ Kf8 23. Bc3 Nf6 24. d5 cxd5 25. Rxd5 Nxd5 26. Bxg7+ Kg8 27. Rd1 Qc7 28. Bxd5+ Kh7 29. Kg2 Qxg7 30. Rh1+ Qh6 31. Qf6 Qxh1+ 32. Kxh1 Rf8 33. Bf7 Rc6 34. Bxg6+ Kg8 35. Bh7+ Kxh7 36. Qxf8 Bc7 37. Qxf5+ 1-0

[Event "Mid Bohemia Region-chT 2223"]
[Site "Czech Republic"]
[Date "2022.10.09"]
[Round "1.1"]
[White "Vystrcil, Martin"]
[Black "Hora, Milan"]
[Result "1-0"]
[WhiteElo "2073"]
[BlackElo "2142"]
[PlyCount "57"]
[EventDate "2022.10.09"]
[EventType "team-tourn"]
[EventRounds "11"]
[EventCountry "CZE"]
[SourceTitle "EXT 2024"]
[Source "ChessBase"]
[SourceDate "2023.10.10"]
[SourceVersion "1"]
[SourceVersionDate "2023.10.10"]
[SourceQuality "1"]
[WhiteTeam "Ricany III"]
[BlackTeam "Nymburk Sokol"]
[WhiteTeamCountry "CZE"]
[BlackTeamCountry "CZE"]

1. e4 c5 2. Nf3 d6 3. d4 cxd4 4. Nxd4 Nf6 5. Nc3 a6 6. Bg5 Nbd7 7. f4 e6 8. Qf3 Qc7 9. 0-0-0 h6 10. Bxf6 Nxf6 11. g4 b5 12. Bd3 b4 13. Nce2 Be7 14. h4 h5 15. g5 Ng4 16. g6 Bf6 17. Bb5+ Kf8 18. e5 Bb7 19. Bc6 Bxc6 20. Nxc6 d5 21. Ned4 Be7 22. f5 Nxe5 23. Nxe5 Qxe5 24. Rhe1 Qf6 25. Rxe6 Qxh4 26. Qxd5 Rd8 27. Rd6 fxg6 28. Ne6+ Ke8 29. Rxd8+ 1-0

[Event "Valasska Bystrice op 11th"]
[Site "Valasska Bystrice"]
[Date "2019.09.09"]
[Round "4"]
[White "Karlik, Vladimir"]
[Black "Vystrcil, Martin"]
[Result "1/2-1/2"]
[WhiteElo "2100"]
[BlackElo "2106"]
[PlyCount "76"]
[EventDate "2019.09.07"]
[EventType "swiss"]
[EventRounds "9"]
[EventCountry "CZE"]
[SourceTitle "EXT 2020"]
[Source "ChessBase"]
[SourceDate "2019.10.17"]
[SourceVersion "1"]
[SourceVersionDate "2019.10.17"]
[SourceQuality "1"]

1. e4 Nf6 2. e5 Nd5 3. Nc3 Nxc3 4. dxc3 d6 5. Nf3 Nc6 6. Bf4 dxe5 7. Qxd8+ Nxd8 8. Bxe5 c6 9. 0-0-0 f6 10. Bg3 e5 11. Bc4 Ne6 12. Rhe1 Be7 13. Bxe5 fxe5 14. Bxe6 Bxe6 15. Rxe5 Bg4 16. Rde1 0-0 17. Rxe7 Bxf3 18. gxf3 Rxf3 19. R1e2 Raf8 20. Rxb7 Rxf2 21. Rbe7 g5 22. Kd2 h5 23. Rxa7 R8f5 24. Rae7 g4 25. Rxf2 Rxf2+ 26. Re2 Rf3 27. a4 Kf7 28. Ke1 Kg6 29. Rf2 Re3+ 30. Kf1 Kg5 31. Re2 Rf3+ 32. Kg1 Kh4 33. Kg2 Rf5 34. Re3 Rd5 35. Rd3 Re5 36. Rd2 Re4 37. a5 Ra4 38. b4 c5 1/2-1/2

[Event "Valasska Bystrice op 11th"]
[Site "Valasska Bystrice"]
[Date "2019.09.08"]
[Round "3"]
[White "Vystrcil, Martin"]
[Black "Musil, Vitezslav"]
[Result "1-0"]
[WhiteElo "2106"]
[BlackElo "1949"]
[PlyCount "93"]
[EventDate "2019.09.07"]
[EventType "swiss"]
[EventRounds "9"]
[EventCountry "CZE"]
[SourceTitle "EXT 2020"]
[Source "ChessBase"]
[SourceDate "2019.10.17"]
[SourceVersion "1"]
[SourceVersionDate "2019.10.17"]
[SourceQuality "1"]

1. e4 e6 2. d4 d5 3. Nd2 Nc6 4. Ngf3 Nf6 5. e5 Ne4 6. c3 f5 7. exf6 Nxf6 8. Bd3 Bd6 9. 0-0 0-0 10. Re1 Ne7 11. Ng5 Ng6 12. Bxg6 hxg6 13. Ndf3 Ng4 14. h3 Nf6 15. Qc2 Qe8 16. Nh4 Ne4 17. Nxe4 dxe4 18. Qxe4 Qf7 19. Re2 Kh7 20. Nf3 Be7 21. d5 Qf5 22. dxe6 Qxe4 23. Rxe4 b6 24. Bg5 Re8 25. Bxe7 Rxe7 26. Ng5+ Kg8 27. Rd1 Bb7 28. Red4 Rae8 29. Rd7 Kf8 30. Rxe7 Rxe7 31. f4 Ke8 32. g4 c5 33. Nf7 Rc7 34. Nd6+ Ke7 35. Nxb7 Rxb7 36. Rd7+ Rxd7 37. exd7 Kxd7 38. c4 Ke6 39. Kf2 Kf6 40. h4 Kf7 41. Ke3 Ke7 42. a4 a6 43. Kd3 Kd6 44. a5 bxa5 45. Kc2 a4 46. Kb1 a3 47. b3 1-0

[Event "Pardubice Czech op-A 29th"]
[Site "Pardubice"]
[Date "2018.07.25"]
[Round "6"]
[White "Bracker, Arne"]
[Black "Vystrcil, Martin"]
[Result "1-0"]
[WhiteElo "2224"]
[BlackElo "2086"]
[PlyCount "67"]
[EventDate "2018.07.20"]
[EventType "swiss"]
[EventRounds "9"]
[EventCountry "CZE"]
[SourceTitle "CBM 185 Extra"]
[Source "ChessBase"]
[SourceDate "2018.07.29"]
[SourceVersion "1"]
[SourceVersionDate "2018.07.29"]
[SourceQuality "1"]

1. e4 Nf6 2. e5 Nd5 3. d4 d6 4. Nf3 dxe5 5. Nxe5 c6 6. Nf3 g6 7. c4 Nc7 8. h3 Bg7 9. Nc3 c5 10. d5 0-0 11. Be3 b6 12. Qd2 e6 13. d6 Ne8 14. 0-0-0 Bb7 15. Be2 Qd7 16. h4 h5 17. Bh6 Nc6 18. Bxg7 Kxg7 19. g4 Nf6 20. gxh5 Nxh5 21. Rhg1 Nf6 22. Rg5 Rh8 23. Qf4 Rh6 24. Bd3 Nh5 25. Qe3 Nf6 26. Be4 Nxe4 27. Nxe4 f6 28. Rxc5 bxc5 29. Nxc5 Qf7 30. Nxe6+ Kg8 31. Qxh6 Qxe6 32. Qxg6+ Kf8 33. Qh6+ Ke8 34. Re1 1-0

[Event "CZE-ch"]
[Site "Ostrava"]
[Date "2018.05.06"]
[Round "9"]
[White "Vystrcil, Martin"]
[Black "Obsivac, Josef"]
[Result "1/2-1/2"]
[WhiteElo "2146"]
[BlackElo "2330"]
[PlyCount "91"]
[EventDate "2018.04.28"]
[EventType "swiss"]
[EventRounds "9"]
[EventCountry "CZE"]
[SourceTitle "CBM 184 Extra"]
[Source "ChessBase"]
[SourceDate "2018.06.28"]
[SourceVersion "1"]
[SourceVersionDate "2018.06.28"]
[SourceQuality "1"]

1. e4 e6 2. d4 d5 3. Nd2 a6 4. Ngf3 c5 5. exd5 exd5 6. dxc5 Bxc5 7. Nb3 Bb6 8. c4 Nf6 9. c5 Bc7 10. Bd3 0-0 11. 0-0 h6 12. h3 Nc6 13. Re1 Re8 14. Be3 Ne4 15. Nbd4 Qf6 16. Kh1 Ne5 17. b4 Ng6 18. Bf1 Nf4 19. Rc1 g5 20. Nh2 h5 21. Kg1 g4 22. hxg4 hxg4 23. g3 Nh3+ 24. Bxh3 gxh3 25. Qh5 Re5 26. Qf3 Qxf3 27. Nhxf3 Re8 28. Ng5 Bd7 29. Kh2 Kg7 30. Nxe4 dxe4 31. c6 bxc6 32. Nxc6 Bg4 33. Bd4+ Kh7 34. Rc5 Re6 35. Rec1 Rg8 36. a4 Bb6 37. Rd5 Bxd4 38. Rxd4 e3 39. fxe3 Rxe3 40. Rc2 Rg6 41. Rf2 Be6 42. Nd8 Bb3 43. Nxf7 Rgxg3 44. b5 axb5 45. axb5 Rg6 46. Nd6 1/2-1/2

[Event "CZE-ch"]
[Site "Ostrava"]
[Date "2018.05.02"]
[Round "5"]
[White "Vystrcil, Martin"]
[Black "Jelinek, Michal"]
[Result "0-1"]
[WhiteElo "2146"]
[BlackElo "2134"]
[PlyCount "66"]
[EventDate "2018.04.28"]
[EventType "swiss"]
[EventRounds "9"]
[EventCountry "CZE"]
[SourceTitle "CBM 184 Extra"]
[Source "ChessBase"]
[SourceDate "2018.06.28"]
[SourceVersion "1"]
[SourceVersionDate "2018.06.28"]
[SourceQuality "1"]

1. e4 e6 2. d4 d5 3. Nd2 a6 4. Ngf3 c5 5. exd5 exd5 6. dxc5 Bxc5 7. Nb3 Bb6 8. Be2 Nf6 9. 0-0 h6 10. Nfd4 0-0 11. Bf4 Nc6 12. c3 Re8 13. Re1 Ne4 14. f3 Nc5 15. Kh1 Ne6 16. Be3 Nexd4 17. Bxd4 Nxd4 18. Nxd4 Qh4 19. Bd3 Bd7 20. Rxe8+ Rxe8 21. Qg1 Re5 22. Rd1 Rh5 23. g3 Qf6 24. Be2 Re5 25. Qf2 g5 26. Kg2 Kh8 27. Rd2 h5 28. Kf1 h4 29. Ke1 Qg6 30. gxh4 Qb1+ 31. Rd1 Qxb2 32. Kf1 Bh3+ 33. Kg1 Rxe2 0-1

[Event "CZE-ch"]
[Site "Ostrava"]
[Date "2018.04.30"]
[Round "3"]
[White "Vystrcil, Martin"]
[Black "Mrazek, Lumir"]
[Result "0-1"]
[WhiteElo "2146"]
[BlackElo "2327"]
[PlyCount "72"]
[EventDate "2018.04.28"]
[EventType "swiss"]
[EventRounds "9"]
[EventCountry "CZE"]
[SourceTitle "CBM 184 Extra"]
[Source "ChessBase"]
[SourceDate "2018.06.28"]
[SourceVersion "1"]
[SourceVersionDate "2018.06.28"]
[SourceQuality "1"]

1. e4 c5 2. Nf3 d6 3. d4 cxd4 4. Nxd4 Nf6 5. Nc3 a6 6. Bg5 Nbd7 7. f4 Qc7 8. Qf3 h6 9. Bh4 g5 10. fxg5 hxg5 11. Bxg5 Qc5 12. Nf5 e6 13. Bxf6 Nxf6 14. Nxd6+ Bxd6 15. Qxf6 Bg3+ 16. Kd2 Be5 17. Qf3 b5 18. Re1 b4 19. Nd1 Bd7 20. Kc1 Ba4 21. Bd3 b3 22. axb3 Bxb3 23. Rhf1 f6 24. Kb1 Ba4 25. Qg4 Ke7 26. Qg7+ Kd6 27. Re2 f5 28. Qf7 Ra7 29. Qg6 Rg7 30. Qxg7 Bxg7 31. exf5 exf5 32. Ne3 Kc7 33. Nxf5 Be5 34. Re4 Rb8 35. b3 Bxb3 36. cxb3 Rxb3+ 0-1

[Event "CZE-ch"]
[Site "Ostrava"]
[Date "2018.04.28"]
[Round "1"]
[White "Vystrcil, Martin"]
[Black "Vokac, Marek"]
[Result "1/2-1/2"]
[WhiteElo "2146"]
[BlackElo "2390"]
[PlyCount "120"]
[EventDate "2018.04.28"]
[EventType "swiss"]
[EventRounds "9"]
[EventCountry "CZE"]
[SourceTitle "CBM 184 Extra"]
[Source "ChessBase"]
[SourceDate "2018.06.28"]
[SourceVersion "1"]
[SourceVersionDate "2018.06.28"]
[SourceQuality "1"]

1. e4 c5 2. Nf3 Nc6 3. d4 cxd4 4. Nxd4 Qb6 5. Nb3 Nf6 6. Nc3 e6 7. Be3 Qc7 8. f3 a6 9. Be2 b5 10. a3 Be7 11. 0-0 0-0 12. Qe1 Re8 13. f4 d6 14. Qg3 b4 15. axb4 Nxb4 16. Bd3 Rb8 17. Bd4 Nxd3 18. Qxd3 e5 19. fxe5 dxe5 20. Qg3 Bd8 21. Be3 Ng4 22. Bd2 Qa7+ 23. Kh1 Bb6 24. h3 Ne3 25. Bxe3 Bxe3 26. Nd5 Bf4 27. Nxf4 exf4 28. Qxf4 Be6 29. Qf2 Qxf2 30. Rxf2 Bxb3 31. cxb3 Rxe4 32. Rxa6 h5 33. Ra7 f6 34. Rc2 Rxb3 35. Kh2 h4 36. Rc3 Rxc3 37. bxc3 Rc4 38. Ra3 Kf7 39. Rb3 Ke6 40. Kg1 g5 41. Kf2 Kd5 42. Ke3 Kc5 43. Ra3 Rf4 44. Ra5+ Kd6 45. Ra6+ Ke5 46. Ra5+ Ke6 47. Ra6+ Kf5 48. Ra5+ Kg6 49. Ra8 Rf1 50. Ra2 Rc1 51. Kd2 Rg1 52. Ke3 f5 53. Rc2 g4 54. hxg4 fxg4 55. c4 h3 56. gxh3 gxh3 57. Rh2 Rg3+ 58. Kf4 Rc3 59. Kg4 Kf6 60. Rxh3 Ke5 1/2-1/2

[Event "CZE-chT U18 Extraliga final-B 1718"]
[Site "Czech Republic"]
[Date "2018.04.21"]
[Round "10.1"]
[White "Lajbl, Jan"]
[Black "Vystrcil, Martin"]
[Result "1/2-1/2"]
[WhiteElo "1811"]
[BlackElo "1987"]
[PlyCount "64"]
[EventDate "2017.10.07"]
[EventType "team-tourn"]
[EventRounds "11"]
[EventCountry "CZE"]
[SourceTitle "EXT 2023"]
[Source "ChessBase"]
[SourceDate "2022.10.05"]
[SourceVersion "1"]
[SourceVersionDate "2022.10.05"]
[SourceQuality "1"]
[WhiteTeam "Jicin (U18)"]
[BlackTeam "Ricany (U18)"]
[WhiteTeamCountry "CZE"]
[BlackTeamCountry "CZE"]

1. e4 Nf6 2. e5 Nd5 3. d4 d6 4. Nf3 Nb6 5. a4 a5 6. exd6 cxd6 7. h3 g6 8. Bd3 Bg7 9. 0-0 0-0 10. c3 Nc6 11. Na3 Kh8 12. Bc2 e5 13. Nb5 Be6 14. Be3 Nd5 15. Bb3 Nxe3 16. fxe3 e4 17. d5 exf3 18. dxe6 fxg2 19. Rxf7 Qg5 20. Nxd6 Ne5 21. Qe2 Rxf7 22. Nxf7+ Nxf7 23. exf7 Rd8 24. Rd1 Rxd1+ 25. Bxd1 Bf8 26. Qf3 Kg7 27. Bb3 b6 28. h4 Qxh4 29. Kxg2 h5 30. Qd5 Qg4+ 31. Kf2 Qh4+ 32. Ke2 Qh2+ 1/2-1/2

[Event "CZE-chT U18 Extraliga final-B 1718"]
[Site "Czech Republic"]
[Date "2018.04.20"]
[Round "8.1"]
[White "Skalsky, Alexandr"]
[Black "Vystrcil, Martin"]
[Result "1-0"]
[WhiteElo "2129"]
[BlackElo "1987"]
[PlyCount "59"]
[EventDate "2017.10.07"]
[EventType "team-tourn"]
[EventRounds "11"]
[EventCountry "CZE"]
[SourceTitle "EXT 2023"]
[Source "ChessBase"]
[SourceDate "2022.10.05"]
[SourceVersion "1"]
[SourceVersionDate "2022.10.05"]
[SourceQuality "1"]
[WhiteTeam "Stare Mesto (U18)"]
[BlackTeam "Ricany (U18)"]
[WhiteTeamCountry "CZE"]
[BlackTeamCountry "CZE"]

1. e4 c5 2. Nf3 d6 3. d4 cxd4 4. Nxd4 Nf6 5. Nc3 g6 6. Be3 Bg7 7. f3 0-0 8. Qd2 Nc6 9. 0-0-0 d5 10. exd5 Nxd5 11. Nxc6 bxc6 12. Bd4 Nb6 13. Qf4 Qe8 14. Bxg7 Kxg7 15. h4 e5 16. Qe3 f6 17. g4 Qe7 18. g5 Be6 19. h5 fxg5 20. hxg6 hxg6 21. Qxe5+ Qf6 22. Qxf6+ Rxf6 23. Ne4 Rf5 24. Bh3 Re5 25. Bxe6 Rxe6 26. Nxg5 Re5 27. f4 Rf5 28. Rh7+ Kg8 29. Rdh1 Rxf4 30. Rh8+ 1-0

[Event "CZE-chT2C 1718"]
[Site "Czech Republic"]
[Date "2018.01.14"]
[Round "6.7"]
[White "Vystrcil, Martin"]
[Black "Hruby, Milan"]
[Result "1/2-1/2"]
[WhiteElo "1987"]
[BlackElo "2037"]
[PlyCount "77"]
[EventDate "2017.10.15"]
[EventType "team-tourn"]
[EventRounds "11"]
[EventCountry "CZE"]
[SourceTitle "EXT 2022"]
[Source "ChessBase"]
[SourceDate "2021.10.06"]
[SourceVersion "1"]
[SourceVersionDate "2021.10.06"]
[SourceQuality "1"]
[WhiteTeam "Ricany"]
[BlackTeam "Tabor"]
[WhiteTeamCountry "CZE"]
[BlackTeamCountry "CZE"]

1. e4 e5 2. Nf3 Nc6 3. Nc3 Nf6 4. d4 exd4 5. Nxd4 Bb4 6. Nxc6 bxc6 7. Bd3 0-0 8. 0-0 d5 9. exd5 cxd5 10. h3 c6 11. Qf3 Re8 12. Bf4 Qe7 13. Ne2 Ne4 14. c3 Bd6 15. Bxe4 Qxe4 16. Qxe4 Rxe4 17. Bxd6 Rxe2 18. Rfe1 Rxe1+ 19. Rxe1 Be6 20. b3 a5 21. Re2 a4 22. b4 Re8 23. a3 f6 24. f4 Kf7 25. Kf2 Bc8 26. Rxe8 Kxe8 27. Ke3 Ba6 28. g4 Kf7 29. Kd4 Ke6 30. Kc5 Bb5 31. f5+ Kf7 32. h4 h6 33. Kb6 Ke8 34. Kc7 Kf7 35. Bc5 Ke8 36. Kd6 Kf7 37. Be3 Kf8 38. Ke6 Bc4 39. Kd6 1/2-1/2

[Event "CZE-chT U18 Extraliga West 1718"]
[Site "Czech Republic"]
[Date "2017.10.07"]
[Round "1.1"]
[White "Vystrcil, Martin"]
[Black "Petr, Jakub"]
[Result "1/2-1/2"]
[WhiteElo "1987"]
[BlackElo "2177"]
[PlyCount "106"]
[EventDate "2017.10.07"]
[EventType "team-tourn"]
[EventRounds "11"]
[EventCountry "CZE"]
[SourceTitle "EXT 2023"]
[Source "ChessBase"]
[SourceDate "2022.10.05"]
[SourceVersion "1"]
[SourceVersionDate "2022.10.05"]
[SourceQuality "1"]
[WhiteTeam "Ricany (U18)"]
[BlackTeam "Praha Bohemians (U18)"]
[WhiteTeamCountry "CZE"]
[BlackTeamCountry "CZE"]

1. e4 c5 2. Nf3 d6 3. d4 cxd4 4. Nxd4 Nf6 5. Nc3 a6 6. Be2 e5 7. Nb3 Be7 8. Be3 Be6 9. 0-0 0-0 10. Nd5 Nxd5 11. exd5 Bf5 12. Qd2 Nd7 13. c4 Rc8 14. Na5 Qc7 15. b4 e4 16. Rac1 Ne5 17. c5 Qd7 18. c6 bxc6 19. dxc6 Qe6 20. Bxa6 Qg6 21. Kh1 Qh5 22. f4 exf3 23. gxf3 Nxf3 24. Qg2 Nh4 25. Qd5 Qg6 26. Rxf5 Nxf5 27. Bf2 Qg5 28. Qc4 d5 29. Qc2 Bxb4 30. Bxc8 Rxc8 31. Nb3 Ne3 32. Bxe3 Qxe3 33. Qf5 Qe4+ 34. Qxe4 dxe4 35. Nd4 e3 36. Kg2 g6 37. c7 e2 38. Nxe2 Bd6 39. Rc6 Be5 40. a4 Rxc7 41. Rxc7 Bxc7 42. Nd4 f5 43. Nc6 Kf7 44. a5 Ke6 45. a6 Bb6 46. a7 Bxa7 47. Nxa7 Kd5 48. Kf3 g5 49. Nc8 Ke5 50. Ne7 g4+ 51. Kg3 Ke4 52. Ng8 Ke3 53. Nf6 h6 1/2-1/2

[Event "Ricany op-A"]
[Site "Ricany"]
[Date "2017.08.31"]
[Round "7"]
[White "Svatos, Jan"]
[Black "Vystrcil, Martin"]
[Result "1-0"]
[WhiteElo "2310"]
[BlackElo "2038"]
[PlyCount "63"]
[EventDate "2017.08.26"]
[EventType "swiss"]
[EventRounds "9"]
[EventCountry "CZE"]
[SourceTitle "CBM 180 Extra"]
[Source "ChessBase"]
[SourceDate "2017.10.06"]
[SourceVersion "1"]
[SourceVersionDate "2017.10.06"]
[SourceQuality "1"]

1. e4 Nf6 2. e5 Nd5 3. d4 Nb6 4. f4 d6 5. Be2 dxe5 6. fxe5 Nc6 7. Be3 Bf5 8. Nf3 e6 9. 0-0 Be7 10. c4 0-0 11. Nc3 Bg6 12. Rc1 f6 13. Qb3 Qd7 14. Rfd1 a6 15. a3 Na5 16. Qa2 Nc6 17. b4 Rfd8 18. d5 Nxe5 19. Nxe5 fxe5 20. d6 Bf6 21. c5 Nc8 22. dxc7 Qxc7 23. Qxe6+ Bf7 24. Rxd8+ Qxd8 25. Qg4 Qe7 26. Rd1 Be6 27. Bc4 Bxc4 28. Qxc4+ Kh8 29. Nd5 Qe8 30. Qg4 Qg8 31. Qd7 Qd8 32. Nxf6 1-0

[Event "CZE-chT U18 Extraliga final-A 1617"]
[Site "Czech Republic"]
[Date "2017.04.22"]
[Round "10.1"]
[White "Vystrcil, Martin"]
[Black "Lojek, Marek"]
[Result "1/2-1/2"]
[WhiteElo "1983"]
[BlackElo "2110"]
[PlyCount "105"]
[EventDate "2016.10.01"]
[EventType "team-tourn"]
[EventRounds "11"]
[EventCountry "CZE"]
[SourceTitle "EXT 2022"]
[Source "ChessBase"]
[SourceDate "2021.10.06"]
[SourceVersion "1"]
[SourceVersionDate "2021.10.06"]
[SourceQuality "1"]
[WhiteTeam "Ricany U18"]
[BlackTeam "Orlova Slavia U18"]
[WhiteTeamCountry "CZE"]
[BlackTeamCountry "CZE"]

1. e4 e5 2. Nf3 Nc6 3. Nc3 Nf6 4. Bb5 d6 5. d3 Be7 6. h3 0-0 7. Be3 a6 8. Bc4 Be6 9. Bb3 Bxb3 10. axb3 d5 11. exd5 Nxd5 12. Nxd5 Qxd5 13. 0-0 f5 14. Re1 Rae8 15. Bd2 Bf6 16. Bc3 Re7 17. Qd2 g5 18. Bb4 Nxb4 19. Qxb4 c5 20. Qc4 Qxc4 21. bxc4 e4 22. dxe4 fxe4 23. Nd2 Bxb2 24. Rab1 Bd4 25. Rxe4 Bxf2+ 26. Kh2 Rfe8 27. Rxe7 Rxe7 28. Nf3 Be3 29. Kg3 h5 30. Rb6 Kg7 31. h4 Bf4+ 32. Kf2 Bc7 33. Rb3 g4 34. Ng5 Bf4 35. Rb6 Bxg5 36. hxg5 Re4 37. Kg3 Rxc4 38. Kh4 Rb4 39. Rd6 Rd4 40. Rb6 Rd7 41. Kxh5 g3 42. Kg4 c4 43. Kxg3 c3 44. Rb3 Rc7 45. Rb6 Rd7 46. Rb3 Rc7 47. Rb6 Rd7 48. Rb3 Kg6 49. Kh4 Rd4+ 50. g4 b5 51. Rxc3 Rc4 52. Ra3 Rc6 53. c3 1/2-1/2

[Event "CZE-chT U18 Extraliga final-A 1617"]
[Site "Czech Republic"]
[Date "2017.04.21"]
[Round "8.1"]
[White "Vystrcil, Martin"]
[Black "Bulockin, Martin"]
[Result "1-0"]
[WhiteElo "1983"]
[BlackElo "1934"]
[PlyCount "71"]
[EventDate "2016.10.01"]
[EventType "team-tourn"]
[EventRounds "11"]
[EventCountry "CZE"]
[SourceTitle "EXT 2022"]
[Source "ChessBase"]
[SourceDate "2021.10.06"]
[SourceVersion "1"]
[SourceVersionDate "2021.10.06"]
[SourceQuality "1"]
[WhiteTeam "Ricany U18"]
[BlackTeam "Polabiny U18"]
[WhiteTeamCountry "CZE"]
[BlackTeamCountry "CZE"]

1. e4 c5 2. c3 d5 3. exd5 Qxd5 4. d4 Nc6 5. Nf3 Bg4 6. Be2 Nf6 7. c4 Qh5 8. d5 Ne5 9. Nxe5 Qxe5 10. Nc3 Bxe2 11. Qxe2 Nd7 12. Nb5 Kd8 13. Be3 g6 14. f4 Qf6 15. 0-0 Bg7 16. Nc3 Qb6 17. Ne4 h6 18. Rab1 a5 19. f5 g5 20. b3 Be5 21. a3 Qc7 22. h3 b6 23. b4 axb4 24. axb4 Ra3 25. Kh1 Qa7 26. bxc5 bxc5 27. Bxc5 Nxc5 28. Nxc5 Bd4 29. Nb7+ Kd7 30. c5 Qa6 31. c6+ Ke8 32. Nd6+ Kf8 33. Rb8+ Kg7 34. Qxa6 Rxa6 35. Rxh8 Kxh8 36. c7 1-0